ABBA - Paroles Waterloo - Statistiques

Statistiques générales
  • Ce quiz a été pris 11 fois
  • Le résultat moyen est 130 sur 215
Statistiques - réponses
Hint Réponse % Correct
I
100%
Waterloo,
100%
Waterloo
100%
a
91%
Pré-chorus The
91%
love
91%
the
91%
when
91%
you
91%
ever
82%
Oh
82%
on
82%
to
82%
win
82%
could
73%
did
73%
Couplet 2 My,
73%
in
73%
it
73%
like
73%
lose
73%
Couplet 1 My,
73%
my
73%
with
73%
yeah
73%
be
64%
feel
64%
how
64%
Napoleon
64%
surrender
64%
At
55%
Refrain So
55%
have
55%
if
55%
won
55%
And
45%
but
45%
Pré-chorus And
45%
forevermore
45%
Is
45%
is
45%
itself
45%
promise
45%
up
45%
wanted
45%
war
45%
was
45%
were
45%
always
36%
couldn't
36%
destiny
36%
couldn't
36%
escape
36%
facing
36%
fate
36%
fight
36%
knowing
36%
now
36%
only
36%
refuse?
36%
way
36%
back,
27%
book
27%
chance
27%
defeated,
27%
finally
27%
history
27%
hold
27%
met
27%
quite
27%
repeating
27%
seems
27%
shelf
27%
similar
27%
stronger
27%
tried
27%
giving
18%
Ooh,
18%
Woah,
0%
woah,
0%
Aucun quiz correspondant
Distribution des résultats
% des personnes avec chaque résultat
Percentile par nombre de réponses
Votre historique - résultats
Vous n’avez pas pris ce quiz